01001nam a2200145 a 4500020002700000020003000027100001800057245006600075250001200141260004600153300001300199520055500212700001800767856007000785 a0748739572 (paperback) a9780748739578 (paperback)1 aToole, Glenn.10aNew Understanding Biology for Advanced Level Fourth Edition / a4th ed. a[S.l.] :bOxford University Press,c2014. a704 p. ; aThis is a fully accessible text that is comprehensive, without excessive detail which can cause confusion. It is separated into divisions into manageable sections, with summary tables of information to help organise study and revision. It supports practicals, coursework and all the core content of the course. It includes notebook sections, explaining other topics which you need to know about for Biology, such as pH and mole calculations. Project suggestions are provided for coursework, with lots of up-to-date examination questions for practice.1 aToole, Susan.40uhttp://www.amazon.com/exec/obidos/ASIN/0748739572/chopaconline-20